Legal Aspects of Suborbital Flights

Právne aspekty. Právne režimy. Od problémov k možným riešeniam.

Salvato in:
Dettagli Bibliografici
Autore principale: Klenka, Michal
Natura: Capitolo di libro
Lingua:inglese
Soggetti:
Tags: Aggiungi Tag
Nessun Tag, puoi essere il primo ad aggiungerne!!

MARC

LEADER 00000naa$a2200000$$$4500
001 0257498
005 20240502074102.9
041 0 |a eng 
044 |a SK 
245 1 0 |a Legal Aspects of Suborbital Flights  |c Michal Klenka 
520 |a Právne aspekty. Právne režimy. Od problémov k možným riešeniam. 
610 2 0 |a doprava letecká 
610 2 0 |a vesmír 
610 2 0 |a právo 
100 1 |a Klenka, Michal